000
00319nam a22001457a 4500
020
_q
HB.
040
_c
FIZZA ISHAQ
082
_a
551.48
_b
HDR
100
_a
HDR,
_9
90696
245
_a
HANDBOOK OF PUBLIC SYSTEM /
_c
HDR.
250
_a
2nd ED.
260
_b
WILEY SON,
_c
2001.
300
_a
1136 P. ;
942
_2
ddc
_c
BK
999
_c
588904
_d
588904